Geography starting with G - Statistics

General Stats
  • This quiz has been taken 60 times
  • The average score is 7 of 10
Answer Stats
Letters Clue Answer % Correct
5 African country that translates to the Warrior king Ghana
95%
9 Denmark's overseas territory Greenland
93%
4 City of the Pyramids Giza
91%
6 Sacred river of the Hindus Ganges
86%
13 Most populated Central American city Guatemala City
68%
10 The capital of Guyana Georgetown
63%
12 African nation whose capital contains part of its name Guinea Bissau
57%
11 Capital of Mexican state of Jalisco Guadalajara
54%
8 Channel Island Guernsey
48%
7 Isle of Spice Grenada
39%
No matching quizzes found
Score Distribution
Percent of People with Each Score
Percentile by Number Answered
Your Score History
You have not taken this quiz